Game Of Thrones : Tyrion - Statistiques

Statistiques générales
  • Ce quiz a été pris 481 fois
  • Le résultat moyen est 10 sur 15
Statistiques - réponses
Informations recherchées Réponses % Correct
Soeur Cersei Lannister
96%
Maison Lannister
95%
Frère Jaime Lannister
93%
Père Tywin Lannister
93%
Alias Le Nain / Le Gnome / Le Demi Homme / Le Petit Lion / Singe Démoniaque / Le Lutin
92%
Femme Sansa Stark
91%
Amante Shae
85%
Titre(s) Main du Roi / Gouverneur de l'Ouest / Défenseur des Terres de l'Ouest / Main de la Reine / Grand Argentier / Lord
78%
Acteur Peter Dinklage
68%
Dicton Un Lannister paie toujours ses dettes
65%
Blason Un lion d'or rugissant sur champ écarlate
53%
Mère Joanna Lannister
44%
Religion Foi des Sept
32%
Devise Je rugis!
31%
Femme Tysha
14%
Aucun quiz correspondant
Distribution des résultats
% des personnes avec chaque résultat
Percentile par nombre de réponses
Votre historique - résultats
Vous n’avez pas pris ce quiz